[Event "Madurai Athens of the East op-C U1700"]
[Site "Madurai"]
[Date "2023.12.26"]
[Round "9"]
[White "Mohana Surya, V."]
[Black "Dhanasekaran Suresh, R."]
[Result "1/2-1/2"]
[WhiteElo "1301"]
[BlackElo "1564"]
[PlyCount "46"]
[EventDate "2023.12.24"]
[EventType "swiss"]
[EventRounds "9"]
[EventCountry "IND"]
[SourceTitle "CB06_2024"]
[SourceDate "2024.02.07"]
[SourceVersion "1"]
[SourceVersionDate "2024.02.07"]
[SourceQuality "1"]

1. e4 c6 2. d4 d5 3. Nc3 dxe4 4. Nxe4 Bf5 5. Ng3 Bg6 6. Nf3 Nd7 7. h4 h6 8. Bd3 Bxd3 9. Qxd3 Qc7 10. 0-0 Ngf6 11. c4 e6 12. b3 Be7 13. Bb2 0-0 14. Rfe1 Rfe8 15. Rac1 Rad8 16. Qc2 c5 17. dxc5 Bxc5 18. Ne4 Be7 19. Rcd1 Nxe4 20. Rxe4 Nf6 21. Red4 Rxd4 22. Bxd4 a6 23. Bxf6 Bxf6 1/2-1/2